| 000 | 00773nam a2200241Ia 4500 | ||
|---|---|---|---|
| 003 | OSt | ||
| 005 | 20220925223811.0 | ||
| 006 | a|||||r|||| 00| 0 | ||
| 007 | ta | ||
| 008 | 220923b |||||||| |||| 00| 0 eng d | ||
| 020 |
_a9780415681063 _c2347.6300000000001 |
||
| 037 |
_bIN1244, 15/02/2013, R K Books _cGeneral Book |
||
| 040 |
_aRTL _cRTL _beng |
||
| 041 |
_2eng _aeng |
||
| 082 | _aU2894, P9;Q3 | ||
| 100 |
_aSMITH Keith _9255651 |
||
| 245 | 0 |
_aEnvironmental hazards _b Assessing risk and reducing disaster. Ed 6 |
|
| 260 |
_aLondon _bRoutledge _c2013 |
||
| 300 |
_axxvi, 478p. Bib: p 435-470 _ccm. |
||
| 650 | _aGeography | ||
| 942 |
_hU2894, P9;Q3 _cGB _2CC |
||
| 999 |
_c580423 _d580423 |
||